[Event "Moron Perez Cup U2200 sf"]
[Site "Moron"]
[Date "2019.07.30"]
[Round "2.9"]
[White "Granillo, Eloy Hernan"]
[Black "Gonzalez, Pablo"]
[Result "0-1"]
[WhiteElo "1445"]
[BlackElo "1776"]
[PlyCount "76"]
[EventDate "2019.07.29"]
[EventType "swiss"]
[EventRounds "6"]
[EventCountry "ARG"]
[SourceTitle "EXT 2024"]
[Source "ChessBase"]
[SourceDate "2023.10.10"]
[SourceVersion "1"]
[SourceVersionDate "2023.10.10"]
[SourceQuality "1"]

1. e4 Nf6 2. Nc3 d5 3. e5 Nfd7 4. d4 e6 5. Nf3 c5 6. a4 Nc6 7. Bg5 Qb6 8. Be3 a6 9. b3 Qc7 10. Be2 cxd4 11. Bxd4 Bb4 12. 0-0 Nxd4 13. Na2 Nxf3+ 14. Bxf3 Bc3 15. Nxc3 Qxc3 16. Re1 Nxe5 17. Re3 Nxf3+ 18. Rxf3 Qc7 19. Qd4 0-0 20. Rg3 e5 21. Qh4 Qd8 22. Qh6 g6 23. h4 Qf6 24. h5 e4 25. Rf1 Qg7 26. Qg5 Be6 27. h6 Qh8 28. f4 f5 29. Qe7 Qf6 30. Qxb7 Rfb8 31. Qc7 Rc8 32. Qb7 Qf7 33. Qb6 Qa7 34. Qxa7 Rxa7 35. c3 Rac7 36. Rc1 Kf7 37. Kf2 d4 38. c4 d3 0-1